书目信息 |
| 题名: |
四川文化旅游发展理论与实证研究
|
|
| 作者: | 平文艺 著 | |
| 分册: | ||
| 出版信息: | 成都 巴蜀书社 2007.06 |
|
| 页数: | 10, 224页 | |
| 开本: | 21cm | |
| 丛书名: | ||
| 单 册: | ||
| 中图分类: | F592.771 | |
| 科图分类: | ||
| 主题词: | 旅游业--lu you ye--经济发展--研究--四川省 | |
| 电子资源: | ||
| ISBN: | 978-7-80659-988-4 | |
| 000 | 00954nam0 2200241 450 | |
| 001 | 012008258839 | |
| 005 | 20080611141528.75 | |
| 010 | @a978-7-80659-988-4@dCNY22.00 | |
| 100 | @a20080611d2007 em y0chiy0120 ea | |
| 101 | 0 | @achi |
| 102 | @aCN@b510000 | |
| 105 | @ac a 000yy | |
| 106 | @ar | |
| 200 | 1 | @a四川文化旅游发展理论与实证研究@Asi chuan wen hua lu you fa zhan li lun yu shi zheng yan jiu@f平文艺著@Fping wen yi zhu |
| 210 | @a成都@c巴蜀书社@d2007.06 | |
| 215 | @a10, 224页@c肖像@d21cm | |
| 320 | @a有书目 (第215-216页) | |
| 330 | @a本书以总体文化旅游发展和分类分区保护与开发思路研究为主线,对文化旅游的发展、四川文化旅游资源、资源评估、资源保护与开发、发展战略、旅游建设等一一做了理论分析与实践调查,为四川文化旅游发展提供了应用性理论指导。 | |
| 606 | 0 | @a旅游业@Alu you ye@x经济发展@x研究@y四川省 |
| 690 | @aF592.771@v4 | |
| 701 | 0 | @a平文艺@Aping wen yi@4著 |
| 801 | 0 | @aCN@bQSSK@c20080611 |
| 905 | @b726390-92@dF592.771@eP738@f3 | |
| 四川文化旅游发展理论与实证研究/平文艺著.-成都:巴蜀书社,2007.06 |
| 10, 224页:肖像;21cm |
| ISBN 978-7-80659-988-4:CNY22.00 |
| 本书以总体文化旅游发展和分类分区保护与开发思路研究为主线,对文化旅游的发展、四川文化旅游资源、资源评估、资源保护与开发、发展战略、旅游建设等一一做了理论分析与实践调查,为四川文化旅游发展提供了应用性理论指导。 |
| ● |
| 相关链接 |
|
|
|
正题名:四川文化旅游发展理论与实证研究
索取号:F592.771/P738
 
预约/预借
| 序号 | 登录号 | 条形码 | 馆藏地/架位号 | 状态 | 备注 |
| 1 | 726390 | 207263904 | 社科库409/409社科库 40排2列1层/ [索取号:F592.771/P738] | 在馆 | |
| 2 | 726391 | 207263913 | 社科库409/409社科库 40排2列1层/ [索取号:F592.771/P738] | 在馆 | |
| 3 | 726392 | 207263922 | 管理学院资料室/ [索取号:F592.771/P738] | 在馆 |